เปลี่ยนเป็นภาษาไทย

Change to English
 แสดงรายละเอียดบรรณานุกรม
  กลับหน้าหลัก

Brief Record : Get Marc (ISO 2709) : E-mail record : QR code กลับ
หนังสือการแพทย์ E-books หนังสือทั่วไป : เกี่ยวกับ Collections
LEADER 00000nam 2200000uu 4500
001    39254
003     ULIBM
008    020711s2566 th a 000 0 tha d
020    9789740340072
060    WY160 ส255ศ
100    สายฝน เอกวรางกูร
245    ศาสตร์และศิลป์การบำบัดดูแลผู้สูงอายุที่มีภาวะซึมเศร้า/สายฝน เอกวรางกูร
250    พิมพ์ครั้งที่ 2
260    กรุงเทพฯ :^bจุฬาลงกรณ์มหาวิทยาลัย,^c2566
300    231 หน้า ;^c30 ซม.
650    Depressive Disorder – therapy
650    Depressive Disorder – psychology
650    Aged – psychology
650    Aged – mental health
650    Geriatric Psychiatry
650    Geriatric Nursing
650    ภาวะซึมเศร้าในผู้สูงอายุ--การรักษา
650    ผู้สูงอายุ--สุขภาพจิต
999    ^aฐานิตา โสภะสุนทร
รายการนี้ยังไม่มีแท็ก
คุณยังไม่ได้ล็อกอิน คุณสามารถมีกิจกรรมร่วมกับเว็บไซต์ได้ แต่ต้องล็อกอินก่อน ::
  ล็อกอิน
ลำดับที่ ประเภท เลขเรียก/บาร์โค้ด สถานที่ สถานะ
1. หนังสือทั่วไป
หนังสือทั่วไป
WY160 ส255ศ 2566 ฉ.1 
  Barcode: 005410
คลังความรู้สุขภาพจิต KRPH
►Knowledge Management
On Shelf
2. หนังสือทั่วไป
หนังสือทั่วไป
WY160 ส255ศ 2566 ฉ.2 
  Barcode: 005411
คลังความรู้สุขภาพจิต KRPH
►Knowledge Management
On Shelf
3. หนังสือทั่วไป
หนังสือทั่วไป
WY160 ส255ศ 2566 ฉ.3 
  Barcode: 005412
คลังความรู้สุขภาพจิต KRPH
►Knowledge Management
On Shelf
   [แสดง 3/3 รายการ]

รายการใกล้เคียง
    ผู้แต่ง [สายฝน เอกวรางกูร]

    หัวเรื่อง [Geriatric Psychiatry]
    หัวเรื่อง [ผู้สูงอายุ--สุขภาพจิต]

BibComment


ยังไม่เคยถูกคอมเมนท์

คอมเมนท์ทรัพยากรรายการนี้
  คอมเมนท์: ศาสตร์และศิลป์การ..
Bib 39254


 Union Library Management : ULibM
Copyright 2026. All Rights Reserved.